| 000 | 00519nam a2200157Ia 4500 | ||
|---|---|---|---|
| 008 | 230917s9999||||xx |||||||||||||| ||und|| | ||
| 020 | _cRs. 15.75 | ||
| 040 |
_e5010117 _aMAIN |
||
| 041 | _aEnglish | ||
| 082 | _a320.509 M478M | ||
| 100 | _aMeisel, James H | ||
| 245 | 0 | _aMyth of the ruling class: Gaetano Mosca and the Elite: With the first English translation of the final version of the theory of the ruling class | |
| 260 |
_aMichigan _bUniversity of Michigan Press _c1962 |
||
| 300 | _axiv, 432 p. | ||
| 942 | _cBK | ||
| 999 |
_c10111 _d10111 |
||